[Event "Campeonato Individual de Madrid 2006/07"]
[Site "Madrid ESP"]
[Date "2007.03.06"]
[Round "4.5"]
[White "Vazquez Igarza, Renier"]
[Black "Almagro Llanas, Pablo"]
[Result "1-0"]
[WhiteElo "2524"]
[BlackElo "2394"]
[PlyCount "113"]
[EventDate "2007.02.28"]
[EventType "tourn"]
[EventRounds "11"]
[EventCountry "ESP"]
[EventCategory "1"]
[Source "lmi"]
[SourceDate "2007.02.28"]

1. d4 d5 2. e3 Nf6 3. Bd3 c5 4. c3 Nc6 5. f4 e6 6. Nf3 Ne4 7. O-O Be7 8. b3 O-O
9. Bb2 f5 10. Nbd2 Bd7 11. c4 Rc8 12. Rc1 Qa5 13. a3 Qb6 14. Kh1 Rfd8 15. cxd5
exd5 16. dxc5 Nxc5 17. Bb1 Be6 18. Nd4 Nxd4 19. Bxd4 Qa6 20. g4 Ne4 21. Rxc8
Rxc8 22. gxf5 Bxf5 23. Nxe4 dxe4 24. Rg1 Bf8 25. b4 Rd8 26. Qb3+ Be6 27. Qb2
Rd7 28. Bxe4 Qb5 29. Qc2 Bd5 30. Qg2 a5 31. bxa5 Qxa5 32. Bxd5+ Qxd5 33. Qxd5+
Rxd5 34. a4 Ra5 35. Rb1 Rxa4 36. Rxb7 Ra8 37. Kg2 Re8 38. Kf3 Re7 39. Rb8 Rc7
40. h4 Kf7 41. h5 Rd7 42. Kg4 g6 43. Ra8 Rb7 44. Ra6 Be7 45. Be5 Rd7 46. e4 Rb7
47. f5 gxf5+ 48. Kxf5 Rb1 49. Ra7 Rb5 50. Rd7 Ra5 51. Rd5 Ra2 52. Bf4 Rf2 53.
Rd7 Rf1 54. Rb7 Rf2 55. h6 Rf1 56. e5 Ra1 57. Bg3 1-0

[Event "Campeonato Individual de Madrid 2006/07"]
[Site "Madrid ESP"]
[Date "2007.03.06"]
[Round "4.6"]
[White "Avendano Mateos, Jose"]
[Black "Franco Alonso, Alejandro"]
[Result "0-1"]
[WhiteElo "1912"]
[BlackElo "2440"]
[PlyCount "51"]
[EventDate "2007.02.28"]
[EventType "tourn"]
[EventRounds "11"]
[EventCountry "ESP"]
[EventCategory "1"]
[Source "lmi"]
[SourceDate "2007.02.28"]

1. d4 Nf6 2. Nf3 e6 3. Bg5 h6 4. Bh4 d6 5. Nbd2 g5 6. Bg3 Nh5 7. e4 Bg7 8. c3
Nd7 9. Be2 O-O 10. Nb3 f5 11. Nfd2 Nhf6 12. f3 a5 13. a4 Qe7 14. Qc2 Nh5 15.
Bf2 Nf4 16. g3 Nxe2 17. Kxe2 b6 18. Rag1 Bb7 19. h3 c5 20. g4 Rac8 21. h4 fxe4
22. fxe4 cxd4 23. Nxd4 Rxf2+ 24. Kxf2 Bxd4+ 25. Ke2 Bxg1 26. Rxg1 0-1

[Event "Campeonato Individual de Madrid 2006/07"]
[Site "Madrid ESP"]
[Date "2007.03.07"]
[Round "5.1"]
[White "Franco Alonso, Alejandro"]
[Black "Vazquez Gonzalez, Jesus"]
[Result "1/2-1/2"]
[WhiteElo "2440"]
[BlackElo "2110"]
[PlyCount "86"]
[EventDate "2007.02.28"]
[EventType "tourn"]
[EventRounds "11"]
[EventCountry "ESP"]
[EventCategory "1"]
[Source "lmi"]
[SourceDate "2007.02.28"]

1. Nf3 Nf6 2. c4 e6 3. g3 b6 4. Bg2 Bb7 5. O-O d5 6. cxd5 exd5 7. d4 Be7 8.
Qa4+ c6 9. Nc3 O-O 10. Bf4 Nbd7 11. Rad1 Nh5 12. Ne5 Nxf4 13. gxf4 b5 14. Qc2
Nxe5 15. fxe5 f6 16. f4 fxe5 17. fxe5 Qd7 18. Qd3 b4 19. Bh3 Qc7 20. Bf5 h6 21.
Nb1 c5 22. Qg3 Bc8 23. Bc2 Qb6 24. Qd3 g6 25. Rxf8+ Bxf8 26. Rf1 Bf5 27. Qf3
Qe6 28. Bb3 Rd8 29. e4 Bxe4 30. Qxe4 c4 31. Bxc4 dxc4 32. Rf6 Qd5 33. Rxg6+ Kh8
34. Qxd5 Rxd5 35. Kf2 Rxd4 36. Ke2 Re4+ 37. Kd1 Rxe5 38. Nd2 c3 39. bxc3 bxc3
40. Nb1 c2+ 41. Kxc2 Re2+ 42. Kb3 Bg7 43. Nc3 Bxc3 1/2-1/2

[Event "Campeonato Individual de Madrid 2006/07"]
[Site "Madrid ESP"]
[Date "2007.03.07"]
[Round "5.2"]
[White "Almagro Llanas, Pablo"]
[Black "Avendano Mateos, Jose"]
[Result "1-0"]
[WhiteElo "2394"]
[BlackElo "1912"]
[PlyCount "81"]
[EventDate "2007.02.28"]
[EventType "tourn"]
[EventRounds "11"]
[EventCountry "ESP"]
[EventCategory "1"]
[Source "lmi"]
[SourceDate "2007.02.28"]

1. e4 c5 2. Nf3 d6 3. d4 cxd4 4. Nxd4 Nf6 5. Nc3 a6 6. Be3 e5 7. Nb3 Be6 8. Be2
Be7 9. O-O O-O 10. f4 b5 11. f5 Bd7 12. Nd5 Nxd5 13. exd5 a5 14. Kh1 Na6 15.
Nd2 Rc8 16. Ne4 f6 17. c3 Nc7 18. Bb6 Ra8 19. Bh5 Qb8 20. Bxc7 Qxc7 21. Bg6 Be8
22. Qh5 Bxg6 23. fxg6 h6 24. Ng3 Qd7 25. Nf5 Rfb8 26. g4 Rf8 27. Rae1 Rac8 28.
Rf3 Rc4 29. Ref1 Rcc8 30. g5 fxg5 31. Nxh6+ gxh6 32. Qxh6 Bf6 33. Rxf6 Rxf6 34.
Rxf6 Qg7 35. Qxg5 Rf8 36. Rf7 Rxf7 37. gxf7+ Kxf7 38. Qxg7+ Kxg7 39. Kg2 Kg6
40. Kf3 Kg5 41. b3 1-0

[Event "Campeonato Individual de Madrid 2006/07"]
[Site "Madrid ESP"]
[Date "2007.03.07"]
[Round "5.3"]
[White "Sanchez Garcia, Aurelio"]
[Black "Vazquez Igarza, Renier"]
[Result "0-1"]
[WhiteElo "2104"]
[BlackElo "2524"]
[PlyCount "118"]
[EventDate "2007.02.28"]
[EventType "tourn"]
[EventRounds "11"]
[EventCountry "ESP"]
[EventCategory "1"]
[Source "lmi"]
[SourceDate "2007.02.28"]

1. d4 Nf6 2. Nf3 e6 3. Bf4 b6 4. e3 Bb7 5. h3 Bd6 6. Bxd6 cxd6 7. c4 d5 8. Nc3
O-O 9. Rc1 d6 10. Be2 dxc4 11. Bxc4 a6 12. a3 Nbd7 13. O-O Rc8 14. Bd3 b5 15.
Qe2 Qb6 16. b4 e5 17. dxe5 dxe5 18. Bf5 g6 19. Bxd7 Nxd7 20. Rfd1 e4 21. Nd4
Ne5 22. Qa2 Rcd8 23. Nb3 Nd3 24. Rc2 Rd6 25. Nc5 Nxc5 26. Rxd6 Qxd6 27. bxc5
Qxc5 28. Nxe4 Qe5 29. Nc5 Rd8 30. Qb1 Ba8 31. Qc1 a5 32. f3 Bd5 33. Nd3 Qb8 34.
Nf2 h5 35. e4 Be6 36. Qe3 b4 37. axb4 Qxb4 38. Qc3 Qxc3 39. Rxc3 a4 40. Nd3 Ra8
41. Ra3 Bc4 42. Nb2 Bb5 43. Kf2 h4 44. Ke1 Kg7 45. Nd1 g5 46. Ne3 Bd7 47. Nc2
Kf6 48. Rc3 Rc8 49. Rxc8 Bxc8 50. Kf2 Ba6 51. g3 Bd3 52. Na3 hxg3+ 53. Kxg3 Ke5
54. Kg4 f6 55. Kg3 Kd4 56. Kg4 Kc3 57. f4 Bxe4 58. fxg5 fxg5 59. Nb5+ Kb4 0-1

[Event "Campeonato Individual de Madrid 2006/07"]
[Site "Madrid ESP"]
[Date "2007.03.07"]
[Round "5.4"]
[White "De la Fuente Gonzalez, Francisco"]
[Black "Ballesteros Gonzalez, David"]
[Result "0-1"]
[WhiteElo "2242"]
[BlackElo "2212"]
[PlyCount "111"]
[EventDate "2007.02.28"]
[EventType "tourn"]
[EventRounds "11"]
[EventCountry "ESP"]
[EventCategory "1"]
[Source "lmi"]
[SourceDate "2007.02.28"]

1. c4 b6 2. Nc3 c5 3. d3 Bb7 4. e4 g6 5. Nf3 Bg7 6. g3 Nc6 7. Bg2 d6 8. O-O Nf6
9. a3 Nd7 10. Be3 Nd4 11. Rb1 a6 12. Qd2 Nb3 13. Qd1 Nd4 14. Qd2 O-O 15. Bh6
Ne5 16. Nxd4 cxd4 17. Ne2 Nc6 18. Bxg7 Kxg7 19. b4 b5 20. Rbc1 e5 21. f4 f6 22.
Rc2 Ne7 23. Rfc1 bxc4 24. Rxc4 Rc8 25. Qc2 Rf7 26. Rxc8 Nxc8 27. Bh3 Nb6 28.
Be6 Re7 29. Bb3 d5 30. fxe5 fxe5 31. exd5 Nxd5 32. Qc5 Rc7 33. Qa7 Nc3 34. Nxc3
dxc3 35. Qe3 Qd4 36. Kf2 Rc8 37. Re1 Rf8+ 38. Kg1 Bc6 39. Bc4 Bb5 40. Kg2 Qxe3
41. Rxe3 c2 42. Re1 Rc8 43. Rc1 Bxc4 44. dxc4 Rxc4 45. Kf2 Kf6 46. Ke2 Ke6 47.
Kd3 Kd5 48. Rxc2 Rxc2 49. Kxc2 Kc4 50. h4 h5 51. Kb2 e4 52. Kc2 e3 53. Kd1 Kb3
54. Ke2 Kxa3 55. Kxe3 Kxb4 56. g4 0-1

[Event "Campeonato Individual de Madrid 2006/07"]
[Site "Madrid ESP"]
[Date "2007.03.07"]
[Round "5.5"]
[White "Pastor Alonso de Prado, Alberto"]
[Black "Rabadan, Velasco Raul"]
[Result "1/2-1/2"]
[WhiteElo "2212"]
[BlackElo "2254"]
[PlyCount "50"]
[EventDate "2007.02.28"]
[EventType "tourn"]
[EventRounds "11"]
[EventCountry "ESP"]
[EventCategory "1"]
[Source "lmi"]
[SourceDate "2007.02.28"]

1. e4 e6 2. d4 d5 3. Nd2 Be7 4. Ngf3 Nf6 5. Bd3 c5 6. dxc5 Na6 7. e5 Nd7 8.
Bxa6 bxa6 9. c6 Nb8 10. Nd4 Qc7 11. N2f3 Nxc6 12. Nxc6 Qxc6 13. O-O O-O 14. Re1
Rb8 15. Nd4 Qc4 16. b3 Qc3 17. Rb1 Rb4 18. Bb2 Qc7 19. c3 Rb6 20. Qd3 f6 21. f4
a5 22. Rbd1 Ba6 23. Qh3 f5 24. g4 Bc5 25. g5 a4 1/2-1/2

[Event "Campeonato Individual de Madrid 2006/07"]
[Site "Madrid ESP"]
[Date "2007.03.07"]
[Round "5.6"]
[White "Roa Alonso, Santiago"]
[Black "Gallardo Garcia, Andres"]
[Result "1-0"]
[WhiteElo "2418"]
[BlackElo "2341"]
[PlyCount "89"]
[EventDate "2007.02.28"]
[EventType "tourn"]
[EventRounds "11"]
[EventCountry "ESP"]
[EventCategory "1"]
[Source "lmi"]
[SourceDate "2007.02.28"]

1. e4 e5 2. Bc4 Nf6 3. d3 Nc6 4. Nf3 Bc5 5. Bb3 a6 6. c3 Ba7 7. Nbd2 O-O 8. h3
d5 9. Qe2 Re8 10. Nf1 Na5 11. Bc2 dxe4 12. dxe4 Bd7 13. Bd3 c5 14. Bg5 c4 15.
Bc2 h6 16. Bh4 Re6 17. Rd1 Qc7 18. Ne3 Bxe3 19. Qxe3 Nh5 20. O-O b5 21. Rd2 Nb7
22. Rfd1 Bc6 23. Nh2 Rg6 24. Ng4 Nf4 25. Bg3 f6 26. b3 Ne6 27. bxc4 bxc4 28.
Qe2 Bb5 29. Ne3 Rc8 30. Nd5 Qc5 31. Kh2 Kh7 32. f4 Rxg3 33. Kxg3 Nxf4 34. Nxf4
exf4+ 35. Kh2 Qe5 36. Qg4 Re8 37. Kh1 Bc6 38. Rd4 h5 39. Qf3 Kg8 40. Rxc4 Na5
41. Rxc6 Nxc6 42. Rd5 Qc7 43. Bb3 Kf8 44. Qxh5 Ke7 45. Qg6 1-0

[Event "Campeonato Individual de Madrid 2006/07"]
[Site "Madrid ESP"]
[Date "2007.03.08"]
[Round "6.1"]
[White "Vazquez Gonzalez, Jesus"]
[Black "Gallardo Garcia, Andres"]
[Result "0-1"]
[WhiteElo "2110"]
[BlackElo "2341"]
[PlyCount "148"]
[EventDate "2007.02.28"]
[EventType "tourn"]
[EventRounds "11"]
[EventCountry "ESP"]
[EventCategory "1"]
[Source "lmi"]
[SourceDate "2007.02.28"]

1. e4 c5 2. Nf3 d6 3. d4 cxd4 4. Nxd4 Nf6 5. Nc3 Nc6 6. Be2 e5 7. Nf3 Be7 8.
O-O O-O 9. b3 Bg4 10. Bb2 Rc8 11. Qd3 Nb4 12. Qd2 d5 13. exd5 Nfxd5 14. Nxd5
Rxc2 15. Nxe7+ Qxe7 16. Qe3 Rxb2 17. Qe4 f5 18. Bc4+ Kh8 19. Qxe5 Qxe5 20. Nxe5
Be2 21. Rfc1 Nxa2 22. Re1 Bh5 23. Nf7+ Bxf7 24. Bxf7 b5 25. Re7 a5 26. Ra7 g6
27. g3 Nc3 28. R1xa5 Ne4 29. Bd5 Nxf2 30. Rxb5 Nh3+ 31. Kh1 Re8 32. Ra8 Rxa8
33. Bxa8 Kg7 34. Bd5 g5 35. Be6 g4 36. Bxf5 h5 37. Rc5 Rxb3 38. Rc1 Rb2 39. Rf1
Rd2 40. Bc8 Kh6 41. Bb7 Kg5 42. Bg2 Nf2+ 43. Kg1 Nd1 44. Re1 Nc3 45. Kf1 h4 46.
gxh4+ Kxh4 47. Re8 Nd1 48. Rh8+ Kg5 49. Rg8+ Kf4 50. Rf8+ Ke5 51. Re8+ Kf6 52.
Re2 Rd8 53. Bc6 Rd6 54. Bb7 Kg5 55. Kg2 Nc3 56. Rc2 Rd3 57. Rb2 Nd1 58. Re2
Ne3+ 59. Kf2 Nd1+ 60. Kg2 Rh3 61. Re5+ Kh4 62. Re4 Rc3 63. Re2 Kg5 64. Re5+ Kf4
65. Re4+ Kf5 66. Re2 Ne3+ 67. Kg1 Kf4 68. Rf2+ Ke5 69. Re2 Ra3 70. Bc8 Kf4 71.
Rf2+ Ke4 72. Bb7+ Kd3 73. Rb2 Ra1+ 74. Kf2 Nd1+ 0-1

[Event "Campeonato Individual de Madrid 2006/07"]
[Site "Madrid ESP"]
[Date "2007.03.08"]
[Round "6.2"]
[White "Rabadan, Velasco Raul"]
[Black "Roa Alonso, Santiago"]
[Result "1/2-1/2"]
[WhiteElo "2254"]
[BlackElo "2418"]
[PlyCount "38"]
[EventDate "2007.02.28"]
[EventType "tourn"]
[EventRounds "11"]
[EventCountry "ESP"]
[EventCategory "1"]
[Source "lmi"]
[SourceDate "2007.02.28"]

1. d4 Nf6 2. c4 g6 3. Nc3 Bg7 4. e4 d6 5. Nge2 O-O 6. Ng3 Nc6 7. d5 Ne5 8. Be2
c6 9. O-O a6 10. a3 b5 11. cxb5 cxb5 12. b3 e6 13. h3 exd5 14. exd5 Bb7 15. Bg5
h6 16. Be3 Rc8 17. Bd4 Re8 18. Qd2 Ned7 19. Bf3 Ne5 1/2-1/2

[Event "Campeonato Individual de Madrid 2006/07"]
[Site "Madrid ESP"]
[Date "2007.03.08"]
[Round "6.3"]
[White "Ballesteros Gonzalez, David"]
[Black "Pastor Alonso de Prado, Alberto"]
[Result "1/2-1/2"]
[WhiteElo "2212"]
[BlackElo "2212"]
[PlyCount "66"]
[EventDate "2007.02.28"]
[EventType "tourn"]
[EventRounds "11"]
[EventCountry "ESP"]
[EventCategory "1"]
[Source "lmi"]
[SourceDate "2007.02.28"]

1. d4 d5 2. c4 c5 3. dxc5 d4 4. b4 a5 5. Qa4+ Bd7 6. b5 e5 7. Ba3 Qc7 8. Nd2
Bxc5 9. g3 Nf6 10. Bg2 Na6 11. Nh3 O-O 12. O-O Rad8 13. Ng5 Bxa3 14. Qxa3 Nc5
15. Nb3 Ne6 16. Nxe6 Bxe6 17. Rac1 e4 18. Qxa5 b6 19. Qb4 Qe5 20. a4 Qh5 21.
Rfe1 Bh3 22. Nd2 Rfe8 23. f3 e3 24. Nf1 d3 25. exd3 e2 26. Bxh3 Qxh3 27. Nd2
Rxd3 28. Ne4 Rxe4 29. fxe4 Rxg3+ 30. hxg3 Qxg3+ 31. Kh1 Qf3+ 32. Kg1 Ng4 33.
Qd6 Qf2+ 1/2-1/2

[Event "Campeonato Individual de Madrid 2006/07"]
[Site "Madrid ESP"]
[Date "2007.03.08"]
[Round "6.4"]
[White "Vazquez Igarza, Renier"]
[Black "De la Fuente Gonzalez, Francisco"]
[Result "1-0"]
[WhiteElo "2524"]
[BlackElo "2242"]
[PlyCount "55"]
[EventDate "2007.02.28"]
[EventType "tourn"]
[EventRounds "11"]
[EventCountry "ESP"]
[EventCategory "1"]
[Source "lmi"]
[SourceDate "2007.02.28"]

1. Nf3 Nf6 2. c4 c6 3. d4 d5 4. Nc3 dxc4 5. a4 Bf5 6. Ne5 Nbd7 7. Nxc4 Nb6 8.
Ne5 a5 9. g3 e6 10. Bg2 Bb4 11. O-O O-O 12. e3 Nbd7 13. e4 Bg6 14. Nxg6 hxg6
15. e5 Nd5 16. Nxd5 cxd5 17. h4 Rc8 18. h5 gxh5 19. Qxh5 Qb6 20. Be3 Rc2 21.
Rfd1 Rfc8 22. Bf1 Nf8 23. Bd3 Rxb2 24. Kg2 Ng6 25. Rh1 Qd8 26. Bg5 Qe8 27. Qh7+
Kf8 28. Qh8+ 1-0

[Event "Campeonato Individual de Madrid 2006/07"]
[Site "Madrid ESP"]
[Date "2007.03.08"]
[Round "6.5"]
[White "Avendano Mateos, Jose"]
[Black "Sanchez Garcia, Aurelio"]
[Result "1/2-1/2"]
[WhiteElo "1912"]
[BlackElo "2104"]
[PlyCount "52"]
[EventDate "2007.02.28"]
[EventType "tourn"]
[EventRounds "11"]
[EventCountry "ESP"]
[EventCategory "1"]
[Source "lmi"]
[SourceDate "2007.02.28"]

1. c4 e5 2. g3 Nf6 3. Bg2 Nc6 4. Nc3 Bc5 5. e3 a6 6. Nge2 d6 7. d4 Ba7 8. b3
O-O 9. O-O Bd7 10. Bb2 Re8 11. dxe5 dxe5 12. Qc2 Nb4 13. Qb1 Bc6 14. Rd1 Qc8
15. a3 Bxg2 16. Kxg2 Nc6 17. Nd5 Nxd5 18. Rxd5 f6 19. Qc2 Rd8 20. Rad1 Rxd5 21.
cxd5 Nd8 22. Rc1 c6 23. b4 Qd7 24. dxc6 Qxc6+ 25. Qxc6 Nxc6 26. Rd1 Rd8 1/2-1/2

[Event "Campeonato Individual de Madrid 2006/07"]
[Site "Madrid ESP"]
[Date "2007.03.08"]
[Round "6.6"]
[White "Franco Alonso, Alejandro"]
[Black "Almagro Llanas, Pablo"]
[Result "1/2-1/2"]
[WhiteElo "2440"]
[BlackElo "2394"]
[PlyCount "86"]
[EventDate "2007.02.28"]
[EventType "tourn"]
[EventRounds "11"]
[EventCountry "ESP"]
[EventCategory "1"]
[Source "lmi"]
[SourceDate "2007.02.28"]

1. d4 d5 2. c4 c6 3. e3 Nf6 4. Nc3 a6 5. Nf3 b5 6. c5 a5 7. Ne5 Ba6 8. Bd3 e6
9. a3 Be7 10. O-O O-O 11. b4 Nfd7 12. f4 f5 13. g4 axb4 14. axb4 Bb7 15. Rxa8
Bxa8 16. gxf5 exf5 17. Qh5 Nxe5 18. dxe5 g6 19. Qd1 Na6 20. Ba3 Nc7 21. Ne2 Ne6
22. Bb2 Bb7 23. Nd4 Nxd4 24. Bxd4 Qd7 25. Qc2 Ra8 26. Ra1 Rxa1+ 27. Bxa1 Bc8
28. Qa2 Kf8 29. Bc3 Qb7 30. Be1 Qa6 31. Qxa6 Bxa6 32. Kg2 Kf7 33. Kh3 Bc8 34.
Bh4 Bxh4 35. Kxh4 h6 36. Kg3 Ke6 37. Kf3 Ba6 38. Bc2 Ke7 39. Ke2 Bc8 40. Kd3
Be6 41. Kd4 Kd7 42. Bd3 Kc7 43. h4 h5 1/2-1/2

[Event "Campeonato Individual de Madrid 2006/07"]
[Site "Madrid ESP"]
[Date "2007.03.09"]
[Round "7.1"]
[White "Almagro Llanas, Pablo"]
[Black "Vazquez Gonzalez, Jesus"]
[Result "1/2-1/2"]
[WhiteElo "2394"]
[BlackElo "2110"]
[PlyCount "77"]
[EventDate "2007.02.28"]
[EventType "tourn"]
[EventRounds "11"]
[EventCountry "ESP"]
[EventCategory "1"]
[Source "lmi"]
[SourceDate "2007.02.28"]

1. c4 Nc6 2. Nc3 Nf6 3. d4 e5 4. Nf3 exd4 5. Nxd4 Bc5 6. Nxc6 bxc6 7. e3 O-O 8.
Be2 d5 9. O-O Ne4 10. Nxe4 dxe4 11. Qxd8 Rxd8 12. Rd1 Be6 13. Bd2 Bd6 14. Bc3
c5 15. Rd2 Rd7 16. Rad1 Rad8 17. h3 f6 18. g4 Kf7 19. Kg2 g6 20. b3 Be7 21. f3
f5 22. gxf5 gxf5 23. fxe4 Rxd2 24. Bxd2 fxe4 25. Rf1+ Kg6 26. Bc3 Bg5 27. Kg3
Bf5 28. Bh5+ Kxh5 29. Rxf5 Rd3 30. Bf6 h6 31. Bxg5 hxg5 32. h4 Rxe3+ 33. Kf2
Rf3+ 34. Rxf3 exf3 35. hxg5 Kxg5 36. Kxf3 Kf5 37. Ke3 Ke5 38. Kd3 a6 39. Kc3
1/2-1/2

[Event "Campeonato Individual de Madrid 2006/07"]
[Site "Madrid ESP"]
[Date "2007.03.09"]
[Round "7.3"]
[White "De la Fuente Gonzalez, Francisco"]
[Black "Avendano Mateos, Jose"]
[Result "1-0"]
[WhiteElo "2242"]
[BlackElo "1912"]
[PlyCount "109"]
[EventDate "2007.02.28"]
[EventType "tourn"]
[EventRounds "11"]
[EventCountry "ESP"]
[EventCategory "1"]
[Source "lmi"]
[SourceDate "2007.02.28"]

1. c4 c6 2. g3 d5 3. Bg2 Nf6 4. Nf3 Bf5 5. Qb3 Qb6 6. d3 e6 7. O-O Bd6 8. Nc3
Nbd7 9. Be3 Qc7 10. Rac1 dxc4 11. Qxc4 a6 12. Nd4 Bg6 13. b4 Nb6 14. Qb3 Nbd5
15. Nxd5 exd5 16. b5 c5 17. bxa6 bxa6 18. Qa4+ Qd7 19. Qxd7+ Kxd7 20. Nb3 Rab8
21. Bxc5 Rhe8 22. Bh3+ Ke7 23. Nd4 Bxc5 24. Rxc5 Kf8 25. Rc2 Rb4 26. Nb3 Bh5
27. e3 Ng4 28. d4 Nf6 29. Rfc1 Ra4 30. Nc5 Ra3 31. Nd7+ Nxd7 32. Bxd7 Rd8 33.
Bh3 Bg6 34. Rb2 Bd3 35. Bf1 Be4 36. Rc7 g5 37. Rc6 Ra8 38. Bg2 Bxg2 39. Kxg2
Ra7 40. Rc5 Rd7 41. Kf3 Kg7 42. Kg4 Kg6 43. Rc6+ f6 44. Rbb6 Rxa2 45. Rxf6+ Kg7
46. Rxa6 Rxa6 47. Rxa6 h6 48. h4 gxh4 49. gxh4 Rf7 50. Rd6 Rxf2 51. Rxd5 Rg2+
52. Kf3 Rh2 53. h5 Kf6 54. Re5 Rh1 55. Ke4 1-0

[Event "Campeonato Individual de Madrid 2006/07"]
[Site "Madrid ESP"]
[Date "2007.03.09"]
[Round "7.4"]
[White "Pastor Alonso de Prado, Alberto"]
[Black "Vazquez Igarza, Renier"]
[Result "0-1"]
[WhiteElo "2212"]
[BlackElo "2524"]
[PlyCount "46"]
[EventDate "2007.02.28"]
[EventType "tourn"]
[EventRounds "11"]
[EventCountry "ESP"]
[EventCategory "1"]
[Source "lmi"]
[SourceDate "2007.02.28"]

1. e4 e5 2. Nf3 Nf6 3. Nc3 Nc6 4. Bb5 Nd4 5. Ba4 c6 6. O-O Qa5 7. Re1 d6 8. h3
b5 9. Nxd4 exd4 10. e5 dxe5 11. Rxe5+ Be7 12. Bxb5 cxb5 13. Qf3 Rb8 14. Qc6+
Bd7 15. Qd6 O-O 16. Rxe7 dxc3 17. dxc3 Rbd8 18. Be3 Bxh3 19. Qg3 Rd7 20. Re5
Be6 21. Rg5 g6 22. Bd4 Rxd4 23. cxd4 Ne4 0-1

[Event "Campeonato Individual de Madrid 2006/07"]
[Site "Madrid ESP"]
[Date "2007.03.09"]
[Round "7.5"]
[White "Roa Alonso, Santiago"]
[Black "Ballesteros Gonzalez, David"]
[Result "1/2-1/2"]
[WhiteElo "2418"]
[BlackElo "2212"]
[PlyCount "97"]
[EventDate "2007.02.28"]
[EventType "tourn"]
[EventRounds "11"]
[EventCountry "ESP"]
[EventCategory "1"]
[Source "lmi"]
[SourceDate "2007.02.28"]

1. e4 g6 2. d4 d6 3. f4 Bg7 4. Nf3 c5 5. dxc5 Qa5+ 6. c3 Qxc5 7. Bd3 Bg4 8. h3
Bxf3 9. Qxf3 Nc6 10. Be3 Qa5 11. O-O Nf6 12. Nd2 O-O 13. a4 Qc7 14. Kh1 Nd7 15.
Bf2 Rad8 16. Bc2 Na5 17. Qe2 Rc8 18. Nf3 Nc6 19. Rad1 Rcd8 20. Ng5 e6 21. Qg4
Nf6 22. Qh4 h6 23. Nf3 d5 24. e5 Nd7 25. Nd4 Nxd4 26. Bxd4 Nc5 27. Qf2 b6 28.
a5 Rb8 29. axb6 axb6 30. Qe3 Ra8 31. Ra1 Qc6 32. b4 Nd7 33. Qe2 Rxa1 34. Rxa1
Ra8 35. Rxa8+ Qxa8 36. Bd3 Qa1+ 37. Qf1 Qxf1+ 38. Bxf1 f6 39. Bb5 fxe5 40. Bf2
Nf8 41. Bxb6 exf4 42. c4 dxc4 43. Bxc4 Kf7 44. Bc7 g5 45. b5 Nd7 46. b6 Bd4 47.
b7 Ba7 48. Bb5 Bb8 49. Bxf4 1/2-1/2

[Event "Campeonato Individual de Madrid 2006/07"]
[Site "Madrid ESP"]
[Date "2007.03.09"]
[Round "7.6"]
[White "Gallardo Garcia, Andres"]
[Black "Rabadan, Velasco Raul"]
[Result "1-0"]
[WhiteElo "2341"]
[BlackElo "2254"]
[PlyCount "61"]
[EventDate "2007.02.28"]
[EventType "tourn"]
[EventRounds "11"]
[EventCountry "ESP"]
[EventCategory "1"]
[Source "lmi"]
[SourceDate "2007.02.28"]

1. e4 e6 2. d4 d5 3. e5 c5 4. c3 Nc6 5. Nf3 Qb6 6. a3 f6 7. Bd3 fxe5 8. dxe5
Nh6 9. O-O Nf7 10. c4 d4 11. Qe2 g6 12. Bf4 Bg7 13. h4 Bd7 14. Nbd2 O-O-O 15.
b4 cxb4 16. c5 Qc7 17. Nc4 b3 18. Rab1 Na5 19. Nd6+ Nxd6 20. exd6 Qc6 21. Be5
Bxe5 22. Nxe5 Qa4 23. Nxd7 Qxd7 24. Bb5 Qf7 25. Qd2 b6 26. Rfc1 Kb8 27. cxb6
axb6 28. Qxd4 Qa7 29. Rc7 Rxd6 30. Qxh8+ Kxc7 31. Qg7+ 1-0

[Event "Campeonato Individual de Madrid 2006/07"]
[Site "Madrid ESP"]
[Date "2007.03.13"]
[Round "8.1"]
[White "Vazquez Gonzalez, Jesus"]
[Black "Rabadan, Velasco Raul"]
[Result "0-1"]
[WhiteElo "2110"]
[BlackElo "2254"]
[PlyCount "74"]
[EventDate "2007.02.28"]
[EventType "tourn"]
[EventRounds "11"]
[EventCountry "ESP"]
[EventCategory "1"]
[Source "lmi"]
[SourceDate "2007.02.28"]

1. e4 c5 2. Nf3 d6 3. d4 cxd4 4. Nxd4 Nf6 5. Nc3 e6 6. Be2 a6 7. O-O b5 8. a3
Bb7 9. Bf3 Nbd7 10. g3 Rc8 11. Qe2 Qc7 12. Rd1 Be7 13. Bg2 O-O 14. f4 Nb6 15.
g4 Rfd8 16. Rd3 d5 17. e5 Ne4 18. Nxe4 dxe4 19. Bxe4 Rxd4 20. Rxd4 Bc5 21. c3
Bxe4 22. Qxe4 Bxd4+ 23. cxd4 Qc2 24. Qxc2 Rxc2 25. b3 Nd5 26. f5 Kf8 27. Bg5
Nc3 28. f6 gxf6 29. Bxf6 Ke8 30. Bg5 Rb2 31. b4 Rc2 32. Be3 Re2 33. Bf2 Kd7 34.
Kf1 Rc2 35. h4 Kc6 36. Re1 Kd5 37. Re3 Nd1 0-1

[Event "Campeonato Individual de Madrid 2006/07"]
[Site "Madrid ESP"]
[Date "2007.03.13"]
[Round "8.2"]
[White "Ballesteros Gonzalez, David"]
[Black "Gallardo Garcia, Andres"]
[Result "1/2-1/2"]
[WhiteElo "2212"]
[BlackElo "2341"]
[PlyCount "73"]
[EventDate "2007.02.28"]
[EventType "tourn"]
[EventRounds "11"]
[EventCountry "ESP"]
[EventCategory "1"]
[Source "lmi"]
[SourceDate "2007.02.28"]

1. e4 Nf6 2. Nc3 d5 3. e5 Nfd7 4. d4 c5 5. dxc5 e6 6. Nf3 Bxc5 7. Bd3 Nc6 8.
Bf4 a6 9. O-O f6 10. exf6 Nxf6 11. Ne5 O-O 12. Nxc6 bxc6 13. Qe2 Qe8 14. Na4
Nh5 15. Be5 Ba7 16. g3 Nf6 17. b4 a5 18. bxa5 c5 19. Bb5 Qd8 20. Nb6 Bxb6 21.
axb6 Qxb6 22. a4 c4 23. c3 Ba6 24. Bd4 Qd6 25. Rfe1 Ne4 26. f3 Ng5 27. f4 Ne4
28. Rab1 g6 29. Qe3 Qa3 30. Qc1 Qxc1 31. Rbxc1 Kf7 32. Rb1 Nd2 33. Bxa6 Nxb1
34. Rxb1 Rxa6 35. Rb7+ Ke8 36. Rb8+ Kf7 37. Rb7+ 1/2-1/2

[Event "Campeonato Individual de Madrid 2006/07"]
[Site "Madrid ESP"]
[Date "2007.03.13"]
[Round "8.3"]
[White "Vazquez Igarza, Renier"]
[Black "Roa Alonso, Santiago"]
[Result "1-0"]
[WhiteElo "2524"]
[BlackElo "2418"]
[PlyCount "73"]
[EventDate "2007.02.28"]
[EventType "tourn"]
[EventRounds "11"]
[EventCountry "ESP"]
[EventCategory "1"]
[Source "lmi"]
[SourceDate "2007.02.28"]

1. Nf3 d5 2. d4 Nf6 3. c4 e6 4. Nc3 Be7 5. Bg5 O-O 6. e3 h6 7. Bh4 b6 8. Rb1
Bb7 9. Bxf6 Bxf6 10. cxd5 exd5 11. b4 c6 12. Qb3 Re8 13. Be2 Nd7 14. O-O a5 15.
b5 c5 16. Nxd5 Bxd4 17. Bc4 Ne5 18. Nxe5 Bxe5 19. Rbd1 a4 20. Qc2 Ra7 21. g3
Bxd5 22. Rxd5 Qf6 23. Rfd1 g6 24. f4 Bb8 25. Rd7 Rxd7 26. Rxd7 Rf8 27. e4 g5
28. e5 Qg7 29. e6 Qf6 30. e7 Re8 31. Rd8 Rxd8 32. Qg6+ Qxg6 33. exd8=Q+ Kg7 34.
Qxb8 Qb1+ 35. Bf1 Qxa2 36. Qe5+ Kf8 37. f5 1-0